Handball: Pays Champions d'Europe (Hommes et Femmes) - Statistiques

Statistiques générales
  • Ce quiz a été pris 147 fois
  • Le résultat moyen est 7 sur 8
Statistiques - réponses
Réponse % Correct
France
99%
Norvège
98%
Danemark
97%
Suède
97%
Allemagne
94%
Russie
84%
Hongrie
53%
Monténégro
31%
Aucun quiz correspondant
Distribution des résultats
% des personnes avec chaque résultat
Percentile par nombre de réponses
Votre historique - résultats
Vous n’avez pas pris ce quiz